Quartiers de La Rochelle - Statistiques

Statistiques générales
  • Ce quiz a été pris 33 fois
  • Le résultat moyen est 9 sur 22
Réponses sur la Carte
Les réponses sont colorées sur une échelle allant du rouge au vert en fonction du pourcentage des utilisateurs qui les ont devinées à leur premier essai. Vous pouvez retrouver ces pourcentages ci-dessous.
 
Statistiques - réponses
Réponse % Correct
Les Minimes
88%
La Pallice
77%
Mireuil
73%
Saint-Nicolas Gabut
62%
Villeneuve Les Salines
62%
Laleu
58%
Centre-Ville
54%
Port-Neuf
46%
Tasdon
42%
La Genette
35%
Saint Eloi
35%
Beauregard
31%
Fétilly
31%
Bongraine
27%
Le Petit Marseille
27%
Saint Maurice
27%
Chef de baie
23%
La Trompette
23%
Bel Air
19%
Lafond
19%
Le Prieuré
15%
Rossignolette
12%
Aucun quiz correspondant
Distribution des résultats
% des personnes avec chaque résultat
Percentile par nombre de réponses
Votre historique - résultats
Vous n’avez pas pris ce quiz